Widok standardowy
Widok MARC
Pozycja Personal Name
Liczba rekordów, w których użyto hasła: 1
001 - Numer kontrolny
- control field: 40790
003 - Identyfikator numeru kontrolnego
- control field: NUKAT
005 - Data i czas ostatniej modyfikacji
- control field: 20260428124342.0
008 - Dane kontrolne kodowane (40 znaków)
- fixed length control field: 200922n||azznnbabn |a aaa |c
010 ## - Numer kontrolny Biblioteki Kongresu
- numer kontrolny LC: p 2020118606
024 7# - OTHER STANDARD IDENTIFIER
- Standard number or code: 26160362738163501843
- Source of number or code: viaf
035 ## - Numer systemowy
- numer systemowy: (PL)a1000000815876
040 ## - Instytucja sporządzająca rekord
- inst. przygot. dane do rek. khw: WA N
- język haseł przedmiotowych/tezaurus: DBN
- inst. wprow. rek. khw: WA N
043 ## - Kod obszaru geograficznego
- ISO code: PL
046 ## - Special dates
- Birth date: 1905
- Death date: 1987
100 1# - Hasło - nazwa osobowa
- nazwa osobowa w formie ujednoliconej: Jacewicz, Stanisława
- daty biograficzne: (1905-1987)
374 ## - Occupation
- Occupation: Nauczycielki i nauczyciele
374 ## - Occupation
- Occupation: Zakonnice
375 ## - Gender
- Gender: 2
- Source of term: iso5218
377 ## - Assoc lang
- Lang code: pol
670 ## - Źródło informacji
- źródło informacji: Listy z KL Dachau Wiktora Jacewicza SDB / pod redakcją Jarosława Wąsowicza SDB. - Poznań, 2020.
670 ## - Źródło informacji
- źródło informacji: Urszulanki Serca Jezusa Konającego.
- adres internetowy: https://urszulanki.pl/